Statistics for Random 4 letter word typing

Click here to take the quiz!

General Stats

  • This quiz has been taken 172 times
  • The average score is 11 of 13

Answer Stats

HintAnswer% Correct
AgedAged
100%
AgesAges
100%
BarnBarn
100%
BathBath
100%
BestBest
100%
BoatBoat
100%
BoilBoil
100%
BothBoth
100%
CakeCake
100%
CastCast
100%
CityCity
100%
ColdCold
100%
CombComb
100%
CubeCube
100%
DampDamp
100%
DragDrag
100%
EarsEars
100%
EditEdit
100%
ExitExit
100%
FartFart
100%
FishFish
100%
GoalGoal
100%
HardHard
100%
HoldHold
100%
JiveJive
100%
JustJust
100%
MailMail
100%
MakeMake
100%
MeetMeet
100%
ModeMode
100%
MoleMole
100%
NiceNice
100%
NoneNone
100%
OaksOaks
100%
OuchOuch
100%
PagePage
100%
PalePale
100%
PeekPeek
100%
PlanPlan
100%
PoorPoor
100%
PortPort
100%
PullPull
100%
PuntPunt
100%
QuizQuiz
100%
RailRail
100%
RailRail
100%
RealReal
100%
RootRoot
100%
RowsRows
100%
SaidSaid
100%
SankSank
100%
ShoeShoe
100%
ShowShow
100%
SlimSlim
100%
SnowSnow
100%
SpamSpam
100%
StemStem
100%
SunkSunk
100%
SwimSwim
100%
TailTail
100%
TaleTale
100%
ThinThin
100%
TidyTidy
100%
TinyTiny
100%
ToldTold
100%
TreeTree
100%
TrueTrue
100%
UglyUgly
100%
UndoUndo
100%
UsedUsed
100%
WarmWarm
100%
WaysWays
100%
WhenWhen
100%
WinsWins
100%
LidsLids
75%
SoulSoul
67%
AddsAdds
50%
AlesAles
50%
BeerBeer
50%
BoysBoys
50%
GoldGold
50%
KillKill
50%
MustMust
50%
NutsNuts
50%
AcheAche
0%
AilsAils
0%
AlsoAlso
0%
AntsAnts
0%
AuntAunt
0%
BackBack
0%
BakeBake
0%
BallBall
0%
BaseBase
0%
BellBell
0%
BlowBlow
0%
BodyBody
0%
BookBook
0%
BoreBore
0%
BowsBows
0%
BrowBrow
0%
ButtButt
0%
CameCame
0%
CapsCaps
0%
CaveCave
0%
ChatChat
0%
ChipChip
0%
ClueClue
0%
CoilCoil
0%
CoolCool
0%
CoolCool
0%
CowsCows
0%
CowsCows
0%
CrapCrap
0%
CureCure
0%
DameDame
0%
DaysDays
0%
DeckDeck
0%
DiedDied
0%
DiveDive
0%
DoveDove
0%
DrawDraw
0%
DrawDraw
0%
DropDrop
0%
EachEach
0%
EaseEase
0%
EasyEasy
0%
FactFact
0%
FairFair
0%
FallFall
0%
FareFare
0%
FarmFarm
0%
FastFast
0%
FatsFats
0%
FeedFeed
0%
FireFire
0%
FlipFlip
0%
FlopFlop
0%
FormForm
0%
FourFour
0%
FrogFrog
0%
FormFrom
0%
FunkFunk
0%
FuryFury
0%
GameGame
0%
GirlGirl
0%
GladGlad
0%
GolfGolf
0%
GoodGood
0%
HatsHats
0%
HearHear
0%
HideHide
0%
HillHill
0%
HireHire
0%
HoldHold
0%
IronIron
0%
JamsJams
0%
JobsJobs
0%
KeepKeep
0%
KeptKept
0%
KickKick
0%
KissKiss
0%
KiteKite
0%
LateLate
0%
LendLend
0%
MakeMake
0%
MarkMark
0%
MateMate
0%
MatsMats
0%
MissMiss
0%
MonkMonk
0%
MostMost
0%
MostMost
0%
NineNine
0%
NoteNote
0%
OilsOils
0%
OnesOnes
0%
OntoOnto
0%
OpenOpen
0%
OverOver
0%
PastPast
0%
PathPath
0%
PingPing
0%
PokePoke
0%
PongPong
0%
PoolPool
0%
PorePore
0%
PorkPork
0%
PourPour
0%
PullPull
0%
PumpPump
0%
PuntPunt
0%
PushPush
0%
PushPush
0%
QuadQuad
0%
RainRain
0%
RakeRake
0%
RedoRedo
0%
ReelReel
0%
RingRing
0%
RockRock
0%
RoseRose
0%
SaltSalt
0%
SameSame
0%
SandSand
0%
SaysSays
0%
SeaSea
0%
SeenSeen
0%
SighSigh
0%
SinkSink
0%
SizeSize
0%
SkisSkis
0%
SlowSlow
0%
SoarSoar
0%
SpatSpat
0%
SpinSpin
0%
SpitSpit
0%
SpotSpot
0%
SpunSpun
0%
StepStep
0%
StewStew
0%
StopStop
0%
SwamSwam
0%
TacoTaco
0%
TameTame
0%
TartTart
0%
TensTens
0%
ThatThat
0%
ThenThen
0%
TipsTips
0%
ToadToad
0%
TownTown
0%
TurnTurn
0%
UserUser
0%
UsesUses
0%
ViewView
0%
WaysWays
0%
WinkWink
0%
WithWith
0%
YaksYaks
0%
YawnYawn
0%
YeahYeah
0%
YokeYoke
0%

Score Distribution

Percentile by Number Answered

Percent of People with Each Score

Your Score History

You have not taken this quiz